[Event "Graz Casino Open 2014"]
[Site "Graz AUT"]
[Date "2014.02.14"]
[Round "1.1"]
[White "Jicman, Ligia-Letitia"]
[Black "Li, Chao b"]
[Result "0-1"]
[WhiteTitle "WIM"]
[BlackTitle "GM"]
[WhiteElo "2166"]
[BlackElo "2697"]
[WhiteFideId "1201581"]
[BlackFideId "8604436"]
[EventDate "2014.02.14"]

1. e4 c5 2. c3 d5 3. exd5 Qxd5 4. d4 Nc6 5. Nf3 Bf5 6. Be3 cxd4 7. cxd4 Bxb1 8.
Qxb1 e5 9. Bd3 Bb4+ 10. Bd2 Bxd2+ 11. Nxd2 Qxd4 12. O-O Rd8 13. Bb5 Qxd2 14. Qe4
Ne7 15. Qxe5 O-O 0-1

[Event "Graz Casino Open 2014"]
[Site "Graz AUT"]
[Date "2014.02.14"]
[Round "1.2"]
[White "Istratescu, Andrei"]
[Black "Titz, Heimo"]
[Result "1-0"]
[WhiteTitle "GM"]
[BlackTitle "FM"]
[WhiteElo "2671"]
[BlackElo "2165"]
[WhiteFideId "1200372"]
[BlackFideId "1601520"]
[EventDate "2014.02.14"]

1. d4 Nf6 2. c4 e6 3. g3 Bb4+ 4. Bd2 Qe7 5. Bg2 O-O 6. Nc3 Nc6 7. a3 Bxc3 8.
Bxc3 d6 9. b4 e5 10. d5 Nb8 11. e4 a5 12. Ne2 axb4 13. axb4 Rxa1 14. Qxa1 Na6
15. O-O Nd7 16. f4 f6 17. f5 c5 18. b5 Nb4 19. Qb1 Qd8 20. Qb3 Qc7 21. h4 b6 22.
g4 Bb7 23. g5 Ra8 24. Ng3 Qd8 25. g6 h6 26. Ne2 Ra7 27. Ra1 Rxa1+ 28. Bxa1 Qa8
29. Bb2 Kf8 30. Bf1 Ke7 31. Nc3 Qa5 32. Kf2 Qa7 33. Ke3 Qa8 34. Kd2 Qa7 35. Qa3
Qxa3 36. Bxa3 Kd8 37. Be2 Kc7 38. Nd1 Kd8 39. Kc3 Kc7 40. Kb3 Bc8 41. Bc1 1-0

[Event "Graz Casino Open 2014"]
[Site "Graz AUT"]
[Date "2014.02.14"]
[Round "1.3"]
[White "Ernst, Michael"]
[Black "Ragger, Markus"]
[Result "0-1"]
[BlackTitle "GM"]
[WhiteElo "2163"]
[BlackElo "2646"]
[WhiteFideId "1618393"]
[BlackFideId "1610856"]
[EventDate "2014.02.14"]

1. d4 Nf6 2. c4 g6 3. Nc3 d5 4. cxd5 Nxd5 5. e4 Nxc3 6. bxc3 Bg7 7. Bg5 O-O 8.
Nf3 c5 9. Rc1 Bg4 10. d5 Qd6 11. Be2 Nd7 12. O-O Bxf3 13. Bxf3 c4 14. Qa4 f5 15.
Qxc4 f4 16. Qb4 Nc5 17. g3 b6 18. Rc2 Be5 19. Bg2 Qd7 20. gxf4 Bxf4 21. Bxf4
Rxf4 22. Kh1 Raf8 23. Qd4 Qc7 24. Rd1 Qd6 25. Qe3 Nd7 26. Bh3 Ne5 27. c4 Kg7 28.
Qd4 Qf6 29. Rdd2 Qg5 30. Bf5 R8xf5 0-1

[Event "Graz Casino Open 2014"]
[Site "Graz AUT"]
[Date "2014.02.14"]
[Round "1.5"]
[White "Goessler, Markus"]
[Black "Melkumyan, Hrant"]
[Result "0-1"]
[BlackTitle "GM"]
[WhiteElo "2154"]
[BlackElo "2589"]
[WhiteFideId "1633260"]
[BlackFideId "13302485"]
[EventDate "2014.02.14"]

1. e4 e5 2. Nf3 Nc6 3. Bb5 a6 4. Ba4 Nf6 5. O-O Be7 6. d3 d6 7. c3 O-O 8. Re1 b5
9. Bc2 Bb7 10. Nbd2 Re8 11. Nf1 h6 12. Ng3 Bf8 13. d4 g6 14. a4 Bg7 15. d5 Ne7
16. Qe2 c6 17. dxc6 Bxc6 18. Rd1 Qc7 19. axb5 axb5 20. Rxa8 Rxa8 21. Bb3 Ra1 22.
Ne1 h5 23. Nc2 Rxc1 24. Rxc1 h4 25. Nf1 h3 26. f3 hxg2 27. Nfe3 d5 28. exd5
Nexd5 29. Nxg2 Nh5 30. Bxd5 Bxd5 31. Qxb5 Bxf3 32. Nce1 Qa7+ 33. Kf1 Bb7 34. c4
Qa8 35. Qb3 Qc8 36. Rd1 Ba6 37. Rc1 Nf4 38. Nxf4 exf4 39. Ng2 Bh6 40. Rc2 Qf5
41. Rf2 Kh7 42. Qc2 Qe5 43. b3 Bb7 44. Qb2 Qd6 45. Qc3 Be4 46. c5 Qd1+ 47. Ne1
Bc6 48. Qd3 Qa1 49. b4 Qa4 50. Qd4 Qb3 51. Qb2 Qh3+ 52. Kg1 Qg4+ 53. Kf1 Bb5+ 0-1

[Event "Graz Casino Open 2014"]
[Site "Graz AUT"]
[Date "2014.02.14"]
[Round "1.6"]
[White "Hatzl, Johannes"]
[Black "Bachmann, Axel"]
[Result "0-1"]
[BlackTitle "GM"]
[WhiteElo "2141"]
[BlackElo "2577"]
[WhiteFideId "1610600"]
[BlackFideId "3700488"]
[EventDate "2014.02.14"]

1. e4 e5 2. Nf3 Nc6 3. Nc3 g6 4. d4 exd4 5. Nxd4 Bg7 6. Be3 d6 7. Be2 Nf6 8. O-O
O-O 9. f4 Re8 10. Bf3 Bd7 11. Bf2 Nxd4 12. Bxd4 c5 13. Bf2 Bc6 14. Re1 Qd7 15.
Nd5 Bxd5 16. exd5 Qa4 17. Rxe8+ Rxe8 18. g3 Ne4 19. c3 Qa6 20. Qf1 Nd2 21. Qd1
Re1+ 0-1

[Event "Graz Casino Open 2014"]
[Site "Graz AUT"]
[Date "2014.02.14"]
[Round "1.7"]
[White "Felgaer, Ruben"]
[Black "Wegerer, Fred"]
[Result "1-0"]
[WhiteTitle "GM"]
[BlackTitle "FM"]
[WhiteElo "2569"]
[BlackElo "2140"]
[WhiteFideId "107069"]
[BlackFideId "1601113"]
[EventDate "2014.02.14"]

1. e4 c6 2. Nc3 d5 3. Nf3 g6 4. h3 Bg7 5. d4 Nh6 6. Bd3 O-O 7. Bf4 f6 8. O-O Nf7
9. Re1 e5 10. dxe5 fxe5 11. Bg3 d4 12. Nb1 Be6 13. Nbd2 c5 14. Bc4 Qd7 15. a4
Nc6 16. Qe2 Rac8 17. a5 Nb4 18. Bxe6 Qxe6 19. Nc4 Rfd8 20. Red1 Rd7 21. Ne1 Rcd8
22. b3 h5 23. Nd3 Nxd3 24. cxd3 Qf6 25. Rf1 Bh6 26. Bh2 Re8 27. Qa2 Re6 28. b4
cxb4 29. Rab1 Kh7 30. Rxb4 g5 31. Qe2 Qg6 32. Rfb1 Ree7 33. Rb5 Bg7 34. Rc5 g4
35. h4 Qe6 36. f4 gxf3 37. Qxf3 Qg6 38. Rbb5 Re6 39. Rb1 Rde7 40. Rcb5 Nd8 41.
Qf5 Bf6 42. Bg3 Kh6 43. Kh2 Qg7 44. Bf4+ 1-0

[Event "Graz Casino Open 2014"]
[Site "Graz AUT"]
[Date "2014.02.14"]
[Round "1.8"]
[White "Loebler, Heimo"]
[Black "Can, Emre"]
[Result "0-1"]
[BlackTitle "GM"]
[WhiteElo "2130"]
[BlackElo "2520"]
[WhiteFideId "1603035"]
[BlackFideId "6302181"]
[EventDate "2014.02.14"]

1. d4 Nf6 2. Nf3 e6 3. e3 b6 4. Bd3 Bb7 5. Nbd2 d5 6. O-O Nbd7 7. c3 Ne4 8. Qe2
Bd6 9. Ba6 Bxa6 10. Qxa6 f5 11. a4 O-O 12. a5 g5 13. axb6 cxb6 14. Qb7 g4 15.
Nxe4 fxe4 16. Ne1 a5 17. b3 Rb8 18. Qc6 Qe7 19. c4 Rbc8 20. Qb5 dxc4 21. bxc4
Rf5 22. Qa6 Bxh2+ 23. Kxh2 Qh4+ 24. Kg1 Rh5 25. Qxc8+ Nf8 26. f3 g3 27. Qxf8+
Kxf8 28. fxe4+ Kg7 0-1

[Event "Graz Casino Open 2014"]
[Site "Graz AUT"]
[Date "2014.02.14"]
[Round "1.9"]
[White "Schreiner, Peter"]
[Black "Scholzen, Wolfgang"]
[Result "1-0"]
[WhiteTitle "IM"]
[WhiteElo "2487"]
[BlackElo "2127"]
[WhiteFideId "1621645"]
[BlackFideId "24637629"]
[EventDate "2014.02.14"]

1. Nf3 d5 2. d4 Nf6 3. c4 e6 4. g3 c6 5. Bg2 Bd6 6. O-O O-O 7. Nc3 Nbd7 8. Nd2
Re8 9. e4 dxe4 10. Ndxe4 Be7 11. Nxf6+ Nxf6 12. Be3 Qa5 13. a3 e5 14. b4 Qc7 15.
d5 cxd5 16. Nxd5 Nxd5 17. Bxd5 Bf6 18. Qb3 Bg4 19. Be4 h5 20. c5 h4 21. f3 Be6
22. Qc2 Rad8 23. Rad1 hxg3 24. hxg3 g6 25. g4 Kg7 26. g5 Be7 27. c6 b5 28. Qf2
Rh8 29. Rxd8 Bxd8 30. f4 Bf5 31. Bxf5 gxf5 32. Rc1 f6 33. gxf6+ Bxf6 34. Qg2+
Kf7 35. Qd5+ Ke8 36. Rc2 Qg7+ 37. Rg2 Qh7 38. Qe6+ Be7 39. c7 Qh1+ 40. Kf2 Qh4+
41. Ke2 1-0

[Event "Graz Casino Open 2014"]
[Site "Graz AUT"]
[Date "2014.02.14"]
[Round "1.10"]
[White "Wieser, Andreas1"]
[Black "Barbosa, Evandro Amorim"]
[Result "0-1"]
[BlackTitle "IM"]
[WhiteElo "2107"]
[BlackElo "2459"]
[WhiteFideId "1612174"]
[BlackFideId "2115824"]
[EventDate "2014.02.14"]

1. e4 c5 2. Nf3 e6 3. d4 cxd4 4. Nxd4 Nc6 5. g3 Qc7 6. Bg2 a6 7. O-O Nf6 8. Be3
Be7 9. c4 O-O 10. h3 d6 11. b3 Rb8 12. Nc3 Nxd4 13. Qxd4 b6 14. Rac1 Nd7 15.
Rfd1 Bb7 16. Kh2 Rfe8 17. Qd2 Rbd8 18. Bg5 Nf6 19. Be3 Ba8 20. Qd4 Nd7 21. Qd2
Qb8 22. Qe2 Bc6 23. a4 Nc5 24. Qc2 Nd7 25. Qe2 Qa8 26. f4 Bf8 27. Qf2 Nc5 28.
Qc2 Qb8 29. Ra1 g6 30. Bd4 Nd7 31. Bg1 Bg7 32. Rac1 h5 33. Re1 Rc8 34. Qd2 Nc5
35. Rb1 Qb7 36. Bd4 Bh6 37. h4 e5 38. Bxc5 exf4 39. gxf4 dxc5 40. Nd5 Qb8 41.
Rf1 Bg7 42. e5 Rcd8 43. Qf2 Bd7 44. Rbd1 Bf5 45. Rd2 Kh8 46. Rfd1 Bh6 47. Qg3
Rd7 48. Bh3 Bxh3 49. Kxh3 b5 50. axb5 axb5 51. Qc3 Bg7 52. Qe3 bxc4 53. bxc4 Rb7
54. Qxc5 Rb3+ 55. Rd3 Rxd3+ 56. Rxd3 Qb1 57. Qe3 Ra8 58. Ra3 Rb8 59. Rd3 Qh1+
60. Kg3 Rb1 61. Qf3 Rg1+ 0-1

[Event "Graz Casino Open 2014"]
[Site "Graz AUT"]
[Date "2014.02.14"]
[Round "1.11"]
[White "Diermair, Andreas"]
[Black "Kerschbaumer, Johannes"]
[Result "1-0"]
[WhiteTitle "IM"]
[WhiteElo "2459"]
[BlackElo "2104"]
[WhiteFideId "1612468"]
[BlackFideId "1630865"]
[EventDate "2014.02.14"]

1. Nf3 Nf6 2. c4 c6 3. g3 g6 4. b3 Bg7 5. Bb2 O-O 6. Bg2 d6 7. d4 b5 8. cxb5
cxb5 9. Ne5 d5 10. O-O Bb7 11. Qd3 Qb6 12. Nc3 a6 13. Ba3 b4 14. Na4 Qa5 15. Qd2
Ne4 16. Qxb4 Qxb4 17. Bxb4 f6 18. Nd3 Nc6 19. Bc5 f5 20. e3 g5 21. Rac1 h5 22.
f3 Nf6 23. Ba3 Ra7 24. Rc2 Nh7 25. Rfc1 Nd8 26. Bc5 Ra8 27. Nb6 Re8 28. Nxa8
Bxa8 29. Bb6 Bb7 30. Rc8 1-0

[Event "Graz Casino Open 2014"]
[Site "Graz AUT"]
[Date "2014.02.14"]
[Round "1.12"]
[White "Dimitriadis, Michael"]
[Black "Ankit, R. Rajpara"]
[Result "0-1"]
[BlackTitle "IM"]
[WhiteElo "2094"]
[BlackElo "2455"]
[WhiteFideId "1614908"]
[BlackFideId "5023335"]
[EventDate "2014.02.14"]

1. d4 d5 2. Nf3 Nf6 3. e3 c6 4. Bd3 Bg4 5. Nbd2 Nbd7 6. O-O e6 7. c3 Be7 8. Qc2
Qc7 9. h3 Bh5 10. Re1 a6 11. Nh2 c5 12. b3 b5 13. c4 cxd4 14. exd4 bxc4 15. bxc4
dxc4 16. Qxc4 Qxc4 17. Nxc4 O-O 18. Ba3 Bxa3 19. Nxa3 Rfd8 20. g4 Bg6 21. Bxg6
hxg6 22. Nf3 Rac8 23. Rec1 Nb6 24. Rab1 Nfd5 25. Ne5 Nc3 26. Rxb6 Ne2+ 27. Kf1
Nxc1 28. Nc6 Rd7 29. Nc4 Rdc7 30. N4a5 Nxa2 31. Rxa6 Nc3 32. Kg2 g5 33. Kf3 Nd5
34. Kg3 f6 35. h4 gxh4+ 36. Kxh4 g5+ 37. Kg3 Kf8 0-1

[Event "Graz Casino Open 2014"]
[Site "Graz AUT"]
[Date "2014.02.14"]
[Round "1.13"]
[White "Santiago, Yago De Moura"]
[Black "Wallner, Dieter"]
[Result "1-0"]
[WhiteTitle "IM"]
[WhiteElo "2451"]
[BlackElo "2085"]
[WhiteFideId "2103877"]
[BlackFideId "1604619"]
[EventDate "2014.02.14"]

1. d4 d5 2. c4 c6 3. Nc3 Nf6 4. Nf3 dxc4 5. a4 Bf5 6. Ne5 Nbd7 7. Nxc4 Qc7 8. g3
e5 9. dxe5 Nxe5 10. Bf4 Nfd7 11. Bg2 g5 12. Ne3 gxf4 13. Nxf5 O-O-O 14. Qc2 Bb4
15. O-O h5 16. Qe4 Bxc3 17. bxc3 Ng6 18. a5 a6 19. Qb4 Nf6 20. c4 Qe5 21. Rab1
Rd7 22. Bxc6 bxc6 23. Qb6 Rc7 24. Rfd1 Nd5 25. cxd5 cxd5 26. Nd6+ Kd7 27. Nxf7 1-0

[Event "Graz Casino Open 2014"]
[Site "Graz AUT"]
[Date "2014.02.14"]
[Round "1.14"]
[White "Jakits, Leopold"]
[Black "Haznedaroglu, Kivanc"]
[Result "0-1"]
[BlackTitle "GM"]
[WhiteElo "2061"]
[BlackElo "2437"]
[WhiteFideId "1616862"]
[BlackFideId "6300634"]
[EventDate "2014.02.14"]

1. c4 e5 2. g3 Nc6 3. Nc3 g6 4. Bg2 Bg7 5. d3 f5 6. e4 d6 7. Nge2 Nge7 8. O-O
O-O 9. Nd5 Rb8 10. Be3 a6 11. Qd2 Be6 12. Rac1 Qd7 13. c5 dxc5 14. Bxc5 Rf7 15.
Nec3 Nc8 16. b4 Nd6 17. a4 fxe4 18. dxe4 Nd4 19. Bxd4 exd4 20. Ne2 Nxe4 21. Bxe4
Bxd5 22. Bxd5 Qxd5 23. Rc5 Qd6 24. Nc1 b6 25. Rc4 Qd5 26. Rc2 Bf8 27. Nd3 Bd6
28. Re1 Rf3 29. Qe2 Rbf8 30. Rd2 c5 31. bxc5 bxc5 32. Nb2 Rxf2 0-1

[Event "Graz Casino Open 2014"]
[Site "Graz AUT"]
[Date "2014.02.14"]
[Round "1.15"]
[White "Froewis, Georg"]
[Black "Schweitzer, Werner"]
[Result "1/2-1/2"]
[WhiteTitle "IM"]
[WhiteElo "2437"]
[BlackElo "2055"]
[WhiteFideId "1618423"]
[BlackFideId "1622927"]
[EventDate "2014.02.14"]

1. Nf3 d5 2. c4 c6 3. e3 Nf6 4. Nc3 Nbd7 5. d4 a6 6. Bd3 dxc4 7. Bxc4 e6 8. e4
Bb4 9. Bd3 c5 10. a3 Ba5 11. Be3 Bb6 12. Bc2 O-O 13. e5 cxd4 14. Bxd4 Ng4 15. h3
Nh6 16. O-O Nf5 17. Bxf5 exf5 18. Nd5 Re8 19. Rc1 Rb8 20. Qd2 Bxd4 21. Qxd4 Nf8
22. Qa7 Be6 23. Ne3 Qe7 24. Rc3 Rbc8 25. Rfc1 Rxc3 26. Rxc3 Qd7 27. Qb6 Rc8 28.
Rxc8 Qxc8 29. Qd4 Qd7 30. Qc3 Qc8 31. Qxc8 Bxc8 32. Nd4 Ng6 33. Nc4 b5 34. Nb6
Bb7 35. e6 Ne7 36. f4 fxe6 37. Nxe6 Bc6 38. b4 Kf7 39. Nc5 Ng6 40. g3 Nf8 41.
Nxa6 Ne6 42. Nc5 Nd4 43. a4 bxa4 44. Nbxa4 Nc2 45. Nb2 Nxb4 46. Nbd3 Nxd3 47.
Nxd3 Kf6 48. Kf2 Bb5 49. Ne5 Ke6 50. Ke3 Bf1 51. h4 Bb5 52. Kd4 Be8 53. Kc5 h6
54. Nf3 Kf6 55. Kd6 Bb5 56. Ne5 Be8 57. Nc4 Bf7 58. Ne3 g6 59. Nc2 g5 60. Nd4
gxf4 61. gxf4 Bc4 62. Nc6 Bd3 63. Ne5 Bc2 64. Kd7 Ba4+ 65. Kd6 Bc2 66. Nc6 Bd3 1/2-1/2

[Event "Graz Casino Open 2014"]
[Site "Graz AUT"]
[Date "2014.02.14"]
[Round "1.16"]
[White "Hapala, Lisa"]
[Black "Berchtenbreiter, Maximilian"]
[Result "0-1"]
[BlackTitle "IM"]
[WhiteElo "2054"]
[BlackElo "2421"]
[WhiteFideId "1622080"]
[BlackFideId "24641120"]
[EventDate "2014.02.14"]

1. e4 g6 2. d4 c6 3. Nc3 d5 4. e5 h5 5. f4 Nh6 6. Nf3 b5 7. a3 a5 8. Bd3 Bf5 9.
O-O e6 10. Be3 Be7 11. h3 Nd7 12. Bf2 Nb6 13. a4 b4 14. Ne2 g5 15. fxg5 Bxg5 16.
Nxg5 Qxg5 17. Qc1 Qxc1 18. Nxc1 Rg8 19. Kh2 Nc4 20. b3 Bxd3 21. cxd3 Nb6 22. Ne2
Nf5 23. Rac1 Kd7 24. Rc5 Ra6 25. Nf4 Rh8 26. Rfc1 Nc8 27. Rg1 Nce7 28. Rgc1 Kc7
29. Rg1 Kb7 30. Nxh5 Rxh5 31. g4 Rh8 32. gxf5 Nxf5 33. Rgc1 Rh7 34. R5c2 Ne7 35.
Rg1 Ng6 36. Bg3 Ra8 37. Rh1 Rg8 38. Rc5 Nh4 39. Bxh4 Rxh4 40. Rf1 Rg7 41. Rxa5
Rxd4 42. Rf3 Rg5 43. Rxf7+ Kb6 44. Ra8 Rxd3 45. a5+ Kc5 46. a6 Rd2+ 47. Kh1 Rxe5
48. Rf1 Re3 49. Ra1 Rxh3+ 50. Kg1 Rg3+ 51. Kh1 Rgd3 52. Rg8 Rd1+ 53. Rg1 Rxa1
54. Rxa1 Rh3+ 55. Kg2 Rh8 56. a7 Ra8 57. Ra4 Kb5 58. Kf3 e5 59. Ke3 c5 60. Ra1
Kb6 61. Rd1 Rxa7 62. Rxd5 Ra3 63. Rd3 c4 64. bxc4 Rxd3+ 65. Kxd3 Kc5 0-1

[Event "Graz Casino Open 2014"]
[Site "Graz AUT"]
[Date "2014.02.14"]
[Round "1.17"]
[White "Handler, Lukas"]
[Black "Gutmann, Alois"]
[Result "1-0"]
[WhiteTitle "FM"]
[WhiteElo "2398"]
[BlackElo "2050"]
[WhiteFideId "1609580"]
[BlackFideId "1614983"]
[EventDate "2014.02.14"]

1. Nf3 e6 2. c4 b6 3. e4 Bb7 4. Nc3 Bb4 5. Qc2 Nh6 6. d4 f6 7. Bd3 Nf7 8. O-O
Nc6 9. Ne2 a5 10. Be3 Ba6 11. Rad1 Qc8 12. c5 Bxd3 13. Rxd3 bxc5 14. dxc5 a4 15.
a3 Ba5 16. Qxa4 Nce5 17. Nxe5 Nxe5 18. Rdd1 Bd2 19. Qd4 Bxe3 20. Qxe3 Qb7 21. f4
Nc4 22. Qd4 1-0

[Event "Graz Casino Open 2014"]
[Site "Graz AUT"]
[Date "2014.02.14"]
[Round "1.18"]
[White "Legenstein, Robert"]
[Black "Baldauf, Marco"]
[Result "1/2-1/2"]
[BlackTitle "FM"]
[WhiteElo "2050"]
[BlackElo "2396"]
[WhiteFideId "1619667"]
[BlackFideId "4688210"]
[EventDate "2014.02.14"]

1. e4 e5 2. Nf3 Nc6 3. Bb5 Nf6 4. O-O Nxe4 5. d4 Nd6 6. Bxc6 dxc6 7. dxe5 Nf5 8.
Qxd8+ Kxd8 9. Nc3 Ne7 10. Ng5 Ke8 11. Re1 h6 12. Nge4 Ng6 13. f4 Bb4 14. Ng3
Bxc3 15. bxc3 Ne7 16. Ba3 h5 17. Ne4 Nf5 18. e6 fxe6 19. Ng5 Rh6 20. Re2 b6 21.
Rae1 c5 22. Nxe6 Bxe6 23. Rxe6+ Rxe6 24. Rxe6+ Kf7 25. Re5 Nd6 26. Rxh5 Nc4 27.
Bxc5 bxc5 28. Rxc5 Nd6 29. Rxc7+ Kf6 30. g4 a5 31. c4 a4 32. Rc6 Ke7 33. Rc7+
Kf6 34. Rc6 Ke7 35. Rc7+ Ke6 36. c5 Ne8 37. Rb7 Kd5 38. h4 Ke4 39. Rf7 Kf3 40.
g5 Rd8 41. h5 Rd1+ 42. Kh2 Rd2+ 43. Kh3 Rd1 44. Kh2 Rd2+ 45. Kh3 Rd1 1/2-1/2

[Event "Graz Casino Open 2014"]
[Site "Graz AUT"]
[Date "2014.02.14"]
[Round "1.19"]
[White "Schnider, Gert"]
[Black "Horvath, Reka"]
[Result "1/2-1/2"]
[WhiteTitle "FM"]
[WhiteElo "2378"]
[BlackElo "2034"]
[WhiteFideId "1606310"]
[BlackFideId "724971"]
[EventDate "2014.02.14"]

1. c4 e5 2. g3 Nf6 3. Bg2 d5 4. cxd5 Nxd5 5. Nc3 Nb6 6. Nf3 Nc6 7. O-O Be7 8. d3
O-O 9. a3 Be6 10. b4 a5 11. b5 Nd4 12. Rb1 f6 13. e3 Nxf3+ 14. Bxf3 Nd5 15. Qc2
Qd7 16. Rd1 Nxc3 17. Qxc3 Bg4 18. Qc4+ Be6 19. Qe4 b6 20. Qa4 Bd5 21. e4 Ba2 22.
Rb2 Bf7 23. d4 exd4 24. Rxd4 Qe6 25. Bf4 Rad8 26. Rbd2 Rxd4 27. Rxd4 Qa2 28. Rd2
Qb1+ 29. Bd1 Bc5 30. Kg2 Re8 31. Bxc7 Qxe4+ 32. Qxe4 Rxe4 33. g4 Rd4 34. Rxd4
Bxd4 35. f4 Bc4 36. a4 Kf7 37. Bc2 Ke7 38. f5 Bc5 39. h4 Be2 40. g5 Be3 41. Kg3
Kd7 42. gxf6 gxf6 43. Bb8 Bc5 44. Bf4 Bd6 45. Kf2 Bxf4 46. Kxe2 1/2-1/2

[Event "Graz Casino Open 2014"]
[Site "Graz AUT"]
[Date "2014.02.14"]
[Round "1.20"]
[White "Danner, Georg"]
[Black "Froewis, Annika"]
[Result "1-0"]
[WhiteTitle "IM"]
[WhiteElo "2336"]
[BlackElo "2021"]
[WhiteFideId "1600303"]
[BlackFideId "1621432"]
[EventDate "2014.02.14"]

1. d4 d5 2. Nf3 Nf6 3. c4 e6 4. e3 c6 5. Nbd2 Bd6 6. Bd3 Nbd7 7. O-O O-O 8. e4
dxe4 9. Nxe4 Nxe4 10. Bxe4 f5 11. Bc2 e5 12. Bg5 Be7 13. Bxe7 Qxe7 14. Nxe5 Nxe5
15. Re1 Be6 16. Rxe5 Qf6 17. Qe2 Bd7 18. Re1 Rad8 19. Bb3 Kh8 20. f4 h6 21. Qe3
Rfe8 22. h3 Rf8 23. Kh2 a6 24. c5 Kh7 25. Bc2 Kh8 26. b4 Bc8 27. Bb3 Kh7 28. Rd1
Bd7 29. Rd2 Kh8 30. Rd3 Kh7 31. Qd2 Kh8 32. d5 Rde8 33. Rde3 Rd8 34. d6 Qg6 35.
Re7 Qf6 36. R3e5 1-0

[Event "Graz Casino Open 2014"]
[Site "Graz AUT"]
[Date "2014.02.14"]
[Round "1.21"]
[White "Hocevar, Nikola"]
[Black "Ohme, Melanie"]
[Result "0-1"]
[BlackTitle "WGM"]
[WhiteElo "2016"]
[BlackElo "2330"]
[WhiteFideId "14601524"]
[BlackFideId "4690745"]
[EventDate "2014.02.14"]

1. d4 Nf6 2. Nf3 g6 3. g3 Bg7 4. Bg2 O-O 5. O-O d6 6. Nbd2 c5 7. c3 Nc6 8. dxc5
dxc5 9. Nc4 Be6 10. Qxd8 Raxd8 11. Na3 h6 12. h3 Rd7 13. Nd2 Na5 14. Kh2 Rfd8
15. Nf3 Nc6 16. Nc2 b6 17. Ne3 Rd6 18. Ne1 Ne5 19. b3 Nd5 20. Nxd5 Bxd5 21. e4
Bb7 22. f4 Nc6 23. e5 Rd1 24. Bf3 R1d7 25. Be3 Na5 26. Bg4 e6 27. Be2 Be4 28.
Bb5 Rd5 29. c4 Rd1 30. Rxd1 Rxd1 31. Kg1 Ra1 32. b4 cxb4 33. c5 bxc5 34. Bxc5
Bf8 35. Bxa7 Rxa2 36. Rf2 b3 37. Bd4 Rxf2 38. Kxf2 Bc5 39. Ke3 b2 0-1

[Event "Graz Casino Open 2014"]
[Site "Graz AUT"]
[Date "2014.02.14"]
[Round "1.22"]
[White "Petschar, Kurt"]
[Black "Deutschmann, Robert Peter"]
[Result "1-0"]
[WhiteTitle "FM"]
[WhiteElo "2317"]
[BlackElo "2014"]
[WhiteFideId "1600478"]
[BlackFideId "1609785"]
[EventDate "2014.02.14"]

1. c4 c5 2. Nf3 Nf6 3. Nc3 Nc6 4. d4 cxd4 5. Nxd4 e6 6. a3 d5 7. cxd5 exd5 8.
Bg5 Be7 9. e3 O-O 10. Be2 h6 11. Bh4 Nxd4 12. Qxd4 Be6 13. O-O a6 14. Rac1 b5
15. Na2 Qd7 16. h3 Rfc8 17. Nb4 a5 18. Nd3 Qb7 19. Nc5 Qc6 20. Nb3 Qb7 21. Rxc8+
Bxc8 22. Rc1 b4 23. Nc5 Qb6 24. a4 Qc6 25. Bb5 Qb6 26. Nb3 Qd8 27. Bg3 Bb7 28.
Bc7 Qf8 29. Nxa5 Ba6 30. Nc6 Bb7 31. Nxe7+ Qxe7 32. Be5 Rd8 33. Rc7 Nd7 34. Bxg7
Qd6 35. Rxb7 Nc5 36. Bf6 Nxb7 37. Qg4+ Kf8 38. Qg7# 1-0

[Event "Graz Casino Open 2014"]
[Site "Graz AUT"]
[Date "2014.02.14"]
[Round "1.25"]
[White "Martinez Reyes, Pedro Ramon"]
[Black "Guo, Emma"]
[Result "1-0"]
[WhiteTitle "CM"]
[BlackTitle "WIM"]
[WhiteElo "2266"]
[BlackElo "1997"]
[WhiteFideId "3901807"]
[BlackFideId "3200795"]
[EventDate "2014.02.14"]

1. e4 e5 2. Nf3 Nc6 3. Bb5 f5 4. d3 fxe4 5. dxe4 Nf6 6. Qe2 Bc5 7. O-O d6 8. Qc4
Bd7 9. Bxc6 bxc6 10. Nxe5 Qe7 11. Nxd7 Nxd7 12. Nd2 Ne5 13. Qb3 Rf8 14. Nc4 Rxf2
15. Be3 Bxe3 16. Nxe3 Rxf1+ 17. Rxf1 O-O-O 18. Nc4 Re8 19. Na5 Qh4 20. Qe3 Qxh2+
21. Kxh2 Ng4+ 22. Kg3 Nxe3 23. Rf7 Rxe4 24. Nxc6 Kb7 25. Kf3 d5 26. Nd8+ Kc8 27.
Nc6 Kb7 28. Ne7 Re6 29. Rxg7 d4 30. Rxh7 Nxc2 31. Nd5 Ne1+ 32. Kf2 Nd3+ 33. Kf3
Ne1+ 34. Kg3 d3 35. Rxc7+ Kb8 36. Rc4 Re2 37. Rb4+ Kc8 38. Rc4+ Kb7 39. Rb4+ Kc6
40. Nf4 d2 41. Rd4 Re3+ 42. Kf2 Rd3 43. Nxd3 Nc2 44. Ne5+ 1-0

[Event "Graz Casino Open 2014"]
[Site "Graz AUT"]
[Date "2014.02.14"]
[Round "1.26"]
[White "Kersten, Julian"]
[Black "Aschenbrenner, Robert"]
[Result "0-1"]
[BlackTitle "FM"]
[WhiteElo "1982"]
[BlackElo "2265"]
[WhiteFideId "1628542"]
[BlackFideId "1608797"]
[EventDate "2014.02.14"]

1. e4 c5 2. Nf3 b6 3. d4 cxd4 4. Nxd4 Bb7 5. Nc3 a6 6. Be2 e6 7. O-O Qc7 8. f4
b5 9. a3 Bc5 10. Kh1 Nc6 11. Nb3 Be7 12. Be3 d6 13. Bf3 Nf6 14. Qe2 O-O 15. g4
Nd7 16. g5 Rfe8 17. Bg2 Na5 18. Nxa5 Qxa5 19. f5 Bf8 20. f6 g6 21. h4 Rac8 22.
h5 Rxc3 23. bxc3 Qxc3 24. hxg6 hxg6 25. Rae1 Rc8 26. Qg4 Rc4 27. Re2 d5 28. Qh3
d4 29. Rf4 Nxf6 30. gxf6 dxe3 31. Rxe3 Qe5 32. Ref3 Rxe4 33. Rxe4 Bxe4 34. Rf2
Qa1+ 35. Kh2 Bd6+ 0-1

[Event "Graz Casino Open 2014"]
[Site "Graz AUT"]
[Date "2014.02.14"]
[Round "1.27"]
[White "Kopinits, Anna-Christina"]
[Black "Gaal, Alexander"]
[Result "1-0"]
[WhiteTitle "WIM"]
[WhiteElo "2260"]
[BlackElo "1962"]
[WhiteFideId "1614142"]
[BlackFideId "1639374"]
[EventDate "2014.02.14"]

1. e4 d6 2. d4 Nf6 3. Nc3 g6 4. Be3 Bg7 5. f3 c6 6. Qd2 b5 7. O-O-O Qa5 8. Kb1
b4 9. Nce2 Be6 10. Nc1 Nbd7 11. Nge2 Nb6 12. b3 c5 13. Nf4 Bd7 14. dxc5 dxc5 15.
e5 Ng8 16. Nd5 Rd8 17. f4 Nh6 18. Nc7+ Kf8 19. Na6 Rc8 20. Nxb4 Nf5 21. Bf2 Bh6
22. g4 Qxb4 23. Qxb4 cxb4 24. Bxb6 Bc6 25. Ba6 axb6 26. Bxc8 Bxh1 27. Rxh1 Nd4
28. g5 Bg7 29. Rd1 Ne6 30. Bxe6 fxe6 31. Rd8+ Kf7 32. Rxh8 Bxh8 33. Nd3 Bg7 34.
Nxb4 h6 35. h4 hxg5 36. hxg5 1-0